LEADER 01494nam0 22003733i 450 001 VAN0254269 005 20230523110946.314 017 70$2N$a9781349076680 100 $a20230207d1985 |0itac50 ba 101 $aeng 102 $aGB 105 $a|||| ||||| 200 1 $aStatistics$fP. Sabine, C. Plumpton 210 $aLondon$cMacMillan education$d1985 215 $aix, 91 p.$d24 cm 410 1$1001VAN0254270$12001 $aCore Books in Advanced Mathematics$1210 $aLondon$cMacMillan 606 $a60-XX$xProbability theory and stochastic processes [MSC 2020]$3VANC020428$2MF 606 $a62-XX$xStatistics [MSC 2020]$3VANC022998$2MF 610 $aMathematics$9KW:K 610 $aProbability$9KW:K 610 $aStatistics$9KW:K 610 $aStochastics$9KW:K 620 $aGB$dLondon$3VANL000015 700 1$aSabine$bP.$3VANV207347$01276567 701 1$aPlumpton$bC.$3VANV207348$012886 712 $aMacMillan $3VANV111155$4650 801 $aIT$bSOL$c20240719$gRICA 856 4 $uhttps://doi.org/10.1007/978-1-349-07668-0$zE-book ? Accesso al full-text attraverso riconoscimento IP di Ateneo, proxy e/o Shibboleth 899 $aBIBLIOTECA DEL DIPARTIMENTO DI MATEMATICA E FISICA$1IT-CE0120$2VAN08 912 $fN 912 $aVAN0254269 950 $aBIBLIOTECA DEL DIPARTIMENTO DI MATEMATICA E FISICA$d08CONS e-book 5244 $e08eMF5244 20230215 996 $aStatistics$93008134 997 $aUNICAMPANIA LEADER 02497nam0 22004813i 450 001 VAN00274353 005 20240806101539.511 017 70$2N$a9783030696535 100 $a20240404d2021 |0itac50 ba 101 $aeng 102 $aCH 105 $a|||| ||||| 200 1 $aˆAn ‰introduction to continuous-time stochastic processes$etheory, models, and applications to finance, biology, and medicine$fVincenzo Capasso, David Bakstein 205 $a4. ed 210 $aCham$cBirkhäuser$cSpringer$d2021 215 $axxi, 560 p.$cill.$d24 cm 410 1$1001VAN00057314$12001 $aModeling and simulation in science, engineering and technology$1210 $aBoston [etc.]$cBirkhäuser$d1997- 500 1$3VAN00234850$aˆAn ‰introduction to continuous-time stochastic processes : theory, models, and applications to finance, biology, and medicine$92440518 606 $a60-XX$xProbability theory and stochastic processes [MSC 2020]$3VANC020428$2MF 606 $a60G05$xFoundations of stochastic processes [MSC 2020]$3VANC021475$2MF 606 $a60G07$xGeneral theory of stochastic processes [MSC 2020]$3VANC021239$2MF 606 $a60H05$xStochastic integrals [MSC 2020]$3VANC020013$2MF 606 $a60H10$xStochastic ordinary differential equations [MSC 2020]$3VANC020682$2MF 610 $aBrownian Motions$9KW:K 610 $aInteracting particle systems$9KW:K 610 $aIto Calculus$9KW:K 610 $aLévy processes$9KW:K 610 $aQuantitative Finance$9KW:K 610 $aStochastic differential equations$9KW:K 610 $aStochastic processes$9KW:K 620 $aCH$dCham$3VANL001889 700 1$aCapasso$bVincenzo$cmatematico$3VANV042969$051830 701 1$aBakstein$bDavid$3VANV087271$0614263 712 $aBirkhäuser $3VANV108193$4650 712 $aSpringer $3VANV108073$4650 801 $aIT$bSOL$c20250912$gRICA 856 4 $uhttps://doi.org/10.1007/978-3-030-69653-5$zE-book ? Accesso al full-text attraverso riconoscimento IP di Ateneo, proxy e/o Shibboleth 899 $aBIBLIOTECA DEL DIPARTIMENTO DI MATEMATICA E FISICA$1IT-CE0120$2VAN08 912 $fN 912 $aVAN00274353 950 $aBIBLIOTECA DEL DIPARTIMENTO DI MATEMATICA E FISICA$d08DLOAD e-book 8031 $e08eMF8031 20240412 996 $aIntroduction to continuous-time stochastic processes : theory, models, and applications to finance, biology, and medicine$92440518 997 $aUNICAMPANIA